[Event "Frome op 32nd"]
[Site "Frome"]
[Date "2023.05.13"]
[Round "3"]
[White "Ashworth, Robert M"]
[Black "Strong, Chris M"]
[Result "1-0"]
[WhiteElo "1665"]
[BlackElo "1597"]
[PlyCount "43"]
[EventDate "2023.05.12"]
[EventType "swiss"]
[EventRounds "5"]
[EventCountry "ENG"]
[SourceTitle "EXT 2024"]
[Source "ChessBase"]
[SourceDate "2023.10.10"]
[SourceVersion "1"]
[SourceVersionDate "2023.10.10"]
[SourceQuality "1"]

1. e4 c5 2. Nf3 d6 3. Bb5+ Bd7 4. Bxd7+ Qxd7 5. c4 Nc6 6. Nc3 g6 7. d4 cxd4 8. Nxd4 Bg7 9. Be3 Nf6 10. f3 0-0 11. 0-0 Rac8 12. b3 Ne5 13. Rc1 Rfd8 14. Qd2 a6 15. Na4 Nxc4 16. Rxc4 Rxc4 17. Nb6 Rxd4 18. Bxd4 Qb5 19. Rc1 d5 20. e5 Ne8 21. Qe3 e6 22. a4 1-0

[Event "BCF-ch U160"]
[Site "Coventry"]
[Date "2015.08.06"]
[Round "4"]
[White "Foulds, Andrew"]
[Black "Strong, Chris M"]
[Result "1/2-1/2"]
[WhiteElo "146"]
[BlackElo "155"]
[PlyCount "26"]
[EventDate "2015.08.03"]
[EventType "swiss"]
[EventRounds "5"]
[EventCountry "ENG"]
[SourceTitle "CBM 167 Extra"]
[Source "ChessBase"]
[SourceDate "2015.09.14"]
[SourceVersion "1"]
[SourceVersionDate "2015.09.14"]
[SourceQuality "1"]

1. d4 Nf6 2. c4 g6 3. Nc3 d5 4. Nf3 Bg7 5. Qb3 dxc4 6. Qxc4 0-0 7. e4 Nc6 8. h3 Nd7 9. Be3 Nb6 10. Qc5 Nd7 11. Qc4 Nb6 12. Qc5 Nd7 13. Qc4 Nb6 1/2-1/2

[Event "BCF-ch U160"]
[Site "Coventry"]
[Date "2015.08.03"]
[Round "1"]
[White "Woods, Timothy J"]
[Black "Strong, Chris M"]
[Result "1/2-1/2"]
[WhiteElo "1719"]
[BlackElo "155"]
[PlyCount "39"]
[EventDate "2015.08.03"]
[EventType "swiss"]
[EventRounds "5"]
[EventCountry "ENG"]
[SourceTitle "CBM 167 Extra"]
[Source "ChessBase"]
[SourceDate "2015.09.14"]
[SourceVersion "1"]
[SourceVersionDate "2015.09.14"]
[SourceQuality "1"]

1. e4 c5 2. Nf3 d6 3. d4 cxd4 4. Nxd4 Nf6 5. Nc3 g6 6. Be3 Bg7 7. f3 Nc6 8. Qd2 Bd7 9. Bc4 Rb8 10. 0-0 0-0 11. Nxc6 bxc6 12. Bb3 Qc7 13. Rad1 c5 14. e5 dxe5 15. Nd5 Nxd5 16. Qxd5 Bb5 17. c4 Ba6 18. Qxc5 Qxc5 19. Bxc5 Rb7 20. Rd3 1/2-1/2

[Event "BCF-ch U160"]
[Site "Aberystwyth"]
[Date "2014.08.01"]
[Round "5"]
[White "Pyper, Otto"]
[Black "Strong, Chris M"]
[Result "0-1"]
[WhiteElo "148"]
[BlackElo "150"]
[PlyCount "60"]
[EventDate "2014.07.28"]
[EventType "swiss"]
[EventRounds "5"]
[EventCountry "WLS"]
[SourceTitle "EXT 2017"]
[Source "ChessBase"]
[SourceDate "2016.10.25"]
[SourceVersion "1"]
[SourceVersionDate "2016.10.25"]
[SourceQuality "1"]

1. e4 c5 2. Nc3 g6 3. f4 Bg7 4. Nf3 e6 5. e5 Ne7 6. Bc4 d5 7. Bb5+ Nbc6 8. d4 cxd4 9. Nxd4 0-0 10. Bxc6 bxc6 11. 0-0 Qb6 12. Kh1 Ba6 13. Rf3 Rac8 14. Rh3 c5 15. Nf3 Nf5 16. Qe1 Qb4 17. a3 Qc4 18. b3 Qf1+ 19. Qxf1 Bxf1 20. Bd2 Ba6 21. Rc1 Rc6 22. g4 Nd4 23. Nxd4 cxd4 24. Na2 Bb7 25. Kg1 Rfc8 26. c3 Bf8 27. b4 a5 28. b5 Rc4 29. Ra1 Bc5 30. cxd4 Bxd4+ 0-1

[Event "BCF-ch U160"]
[Site "Aberystwyth"]
[Date "2014.07.28"]
[Round "1"]
[White "Crouch, Timothy J"]
[Black "Strong, Chris M"]
[Result "1-0"]
[WhiteElo "131"]
[BlackElo "150"]
[PlyCount "143"]
[EventDate "2014.07.28"]
[EventType "swiss"]
[EventRounds "5"]
[EventCountry "WLS"]
[SourceTitle "EXT 2017"]
[Source "ChessBase"]
[SourceDate "2016.10.25"]
[SourceVersion "1"]
[SourceVersionDate "2016.10.25"]
[SourceQuality "1"]

1. e4 c5 2. Nc3 g6 3. b3 Bg7 4. Bb2 Nc6 5. Nf3 d6 6. Be2 Nf6 7. d3 0-0 8. Rb1 Qa5 9. a4 Nb4 10. Qd2 Qc7 11. 0-0 Bd7 12. Nd1 Rfd8 13. Ne3 a6 14. c3 Nc6 15. Qc2 b5 16. axb5 axb5 17. Rfd1 Ra2 18. Ra1 Rda8 19. Rxa2 Rxa2 20. Ra1 Qa5 21. Qb1 Rxa1 22. Qxa1 Nh5 23. d4 Nf4 24. Bf1 b4 25. Qxa5 Nxa5 26. Nd2 bxc3 27. Bxc3 cxd4 28. Bxa5 dxe3 29. fxe3 Ne6 30. b4 Bc8 31. b5 Nc5 32. Bc4 Kf8 33. Bd5 Ke8 34. Nc4 Bb7 35. Bc6+ Bxc6 36. bxc6 Ne6 37. Nb6 Nc7 38. Nc4 Kd8 39. Nb6 Ke8 40. Nc4 Kd8 41. Kf2 Kc8 42. Ke2 Ne6 43. Na3 Nc7 44. Kd3 e6 45. Bb4 Bf8 46. e5 Nd5 47. Bxd6 Bxd6 48. exd6 Nb4+ 49. Kc4 Nxc6 50. Kc5 Ne5 51. e4 Kd7 52. Nb5 f6 53. h3 h5 54. Nc3 Nd3+ 55. Kd4 Ne1 56. e5 Nxg2 57. exf6 Kxd6 58. Ne4+ Kd7 59. Ng5 Nf4 60. Ke4 Nd5 61. Ke5 Nc7 62. h4 Ke8 63. Kd6 Nb5+ 64. Kxe6 Nd4+ 65. Kd5 Nf5 66. Ke6 Nd4+ 67. Ke5 Nf5 68. Kd5 Nxh4 69. Ke6 Nf5 70. f7+ Kf8 71. Kf6 Ne7 72. Nh7# 1-0

[Event "BCF-ch U180"]
[Site "Aberystwyth"]
[Date "2014.07.21"]
[Round "1"]
[White "Strong, Chris M"]
[Black "Whitehead, Mark A"]
[Result "0-1"]
[WhiteElo "150"]
[BlackElo "170"]
[PlyCount "84"]
[EventDate "2014.07.21"]
[EventType "swiss"]
[EventRounds "5"]
[EventCountry "WLS"]
[SourceTitle "EXT 2017"]
[Source "ChessBase"]
[SourceDate "2016.10.25"]
[SourceVersion "1"]
[SourceVersionDate "2016.10.25"]
[SourceQuality "1"]

1. e4 c5 2. Nf3 e6 3. d4 cxd4 4. Nxd4 a6 5. Nc3 Bc5 6. Be3 Ba7 7. Qd2 Ne7 8. h4 Nbc6 9. h5 h6 10. 0-0-0 b5 11. f4 Qa5 12. Kb1 b4 13. Nce2 0-0 14. g4 e5 15. Nb3 Bxe3 16. Qxe3 exf4 17. Qxf4 Qe5 18. Qf3 a5 19. Ng3 a4 20. Nc1 a3 21. Nd3 Qa5 22. b3 Nd4 23. Qf2 Nec6 24. Nf5 Nb5 25. Rc1 Nc3+ 26. Ka1 Ba6 27. Qf4 Bxd3 28. Bxd3 Qc5 29. g5 Ne2 30. Qd2 Qe5+ 31. c3 bxc3 32. Qc2 Nb4 33. gxh6 Nxc2+ 34. Rxc2 Nd4 35. hxg7 Nxc2+ 36. Bxc2 Rfe8 37. h6 Kh7 38. Rf1 Ra6 39. Kb1 Rf6 40. Kc1 Rxh6 41. Nxh6 Kxh6 42. Rxf7 Qg5+ 0-1

[Event "Weymouth Minor op"]
[Site "Weymouth"]
[Date "2008.10.26"]
[Round "4"]
[White "Strong, Chris M"]
[Black "Dicker, Nigel"]
[Result "1-0"]
[WhiteElo "1416"]
[BlackElo "1576"]
[PlyCount "55"]
[EventDate "2008.10.24"]
[EventType "swiss"]
[EventRounds "5"]
[EventCountry "ENG"]
[SourceTitle "EXT 2011"]
[Source "ChessBase"]
[SourceDate "2010.11.26"]
[SourceVersion "1"]
[SourceVersionDate "2010.11.26"]
[SourceQuality "1"]

1. e4 d5 2. exd5 Nf6 3. Nf3 Nxd5 4. d4 Bg4 5. Be2 e6 6. c4 Nb6 7. 0-0 Be7 8. Nc3 0-0 9. Bf4 c6 10. Qd3 N8d7 11. Rfe1 Re8 12. Bd1 Nf8 13. Bb3 Ng6 14. Bg3 Bxf3 15. gxf3 h5 16. Rad1 h4 17. Be5 Bb4 18. Kh1 Qg5 19. Rg1 Qh5 20. Ne4 Be7 21. Bd6 Rad8 22. Bxe7 Rxe7 23. Bc2 e5 24. Qa3 Rxd4 25. Rxd4 exd4 26. Rxg6 Qxg6 27. Qxe7 f5 28. Ng5 1-0